| 000 | 00498nam a2200181Ia 4500 | ||
|---|---|---|---|
| 003 | GCL | ||
| 008 | 140319s9999 xx 000 0 eng d | ||
| 040 |
_aGCL / _cGCL |
||
| 082 | 0 | 4 |
_aCC _b962.64 _bH C |
| 100 | 1 | _aHEIKAL, MOHAMED H. | |
| 245 | 1 | 0 |
_aCUTTING THE LION'S TAIL, SUEZ THROUGH EGPTIAN EYES / _cHEIKAL, MOHAMED H. |
| 260 |
_a[S.N] : _bANDRE DEUTSCH LIMITED ، _c1986 |
||
| 300 | _a238 P P | ||
| 650 | 0 | 4 | _aEGYPT |
| 650 | 0 | 4 | _aMODERN HISTORY |
| 650 | 0 | 4 | _aSUEZ WAR 1956 |
| 942 |
_2ddc _cBK |
||
| 999 |
_c16935 _d16935 |
||